000 00675nam a2200265Ia 4500
005 20260121172614.0
008 008 260114s9999 xx 000 0 eng d
020 _a9789811578502
037 _aEBOOK
040 _aCRL
040 _beng
040 _cCRL
041 _2eng
041 _aeng
084 _qCRL
100 _aXiaoyuan Jiang
_91090479
245 0 _aWestern Influences in the History of Science and Technology in Modern China
260 _bSpringer
260 _bSpringer
260 _c2021
856 _uhttps://link.springer.com/openurl?genre=book&isbn=978-981-15-7850-2
942 _cEBOOK
999 _c1656219
_d1656219